LEADER 00889nam0-22003131i-450- 001 990003855520403321 005 20080115134024.0 035 $a000385552 035 $aFED01000385552 035 $a(Aleph)000385552FED01 035 $a000385552 100 $a20030910d1969----km-y0itay50------ba 101 0 $aita 102 $aIT 200 1 $a<>agriculture algérienne$eConditions et perspectives d'un développement réel$fT. Tidafi. 210 $aParis$cFrançois Maspero$d1969. 215 $a223 p.$d22 cm 225 1 $aDocuments, études et recherches$v2 610 0 $aAgricoltura$aAlgeria 676 $aF/1.111 676 $aH/1.14 700 1$aTidafi,$bTami$0146156 801 0$aIT$bUNINA$gRICA$2UNIMARC 901 $aBK 912 $a990003855520403321 952 $aF/1.111 TID$b042728$fSES 959 $aSES 996 $aAgriculture algérienne$9514787 997 $aUNINA LEADER 01227nam--2200385---450- 001 990003156070203316 005 20081006131133.0 010 $a3-518-27735-9 035 $a000315607 035 $aUSA01000315607 035 $a(ALEPH)000315607USA01 035 $a000315607 100 $a20081006d1975----km-y0itay50------ba 101 $ager 102 $aDE 105 $a||||||||001yy 200 1 $a<> mutterrecht$eeine Untersuchung über die Gynaikokratie der alten Welt nach ihrer religivsen und rechtlichen Natur$fJohann Jakob Bachofen$gEine Auswahl herausgegeben von Hans-Jurgen Heinrichs 210 $aFrankfurt am Main$cSuhrkamp$d1975 215 $a461 p.$d18 cm 225 2 $aSuhrkamp Taschenbuch Wissenschaft$v135 410 0$12001$aSuhrkamp Taschenbuch Wissenschaft 454 1$12001 461 1$1001-------$12001 606 0 $aMatriarcato$xStoria$xAntichità 676 $a306.83 700 1$aBACHOFEN,$bJohann Jakob$0143791 702 1$aHEINRICHS,$bHans-Jurgen 801 0$aIT$bsalbc$gISBD 912 $a990003156070203316 951 $aII.3.B.104$b407 DSLL 959 $aBK 969 $aDSLL 979 $aDSLL$b90$c20081006$lUSA01$h1311 996 $aMutterrecht$920228 997 $aUNISA